<?xml version="1.0" encoding="UTF-8"?><?xml-stylesheet type="text/xsl" href="static/style.xsl"?><OAI-PMH xmlns="http://www.openarchives.org/OAI/2.0/" xmlns:xsi="http://www.w3.org/2001/XMLSchema-instance" xsi:schemaLocation="http://www.openarchives.org/OAI/2.0/ http://www.openarchives.org/OAI/2.0/OAI-PMH.xsd"><responseDate>2026-04-13T07:33:12Z</responseDate><request verb="GetRecord" identifier="oai:www.recercat.cat:10256/26148" metadataPrefix="marc">https://recercat.cat/oai/request</request><GetRecord><record><header><identifier>oai:recercat.cat:10256/26148</identifier><datestamp>2025-02-04T06:06:08Z</datestamp><setSpec>com_2072_452955</setSpec><setSpec>com_2072_2054</setSpec><setSpec>col_2072_453072</setSpec></header><metadata><record xmlns="http://www.loc.gov/MARC21/slim" xmlns:dcterms="http://purl.org/dc/terms/" xmlns:xsi="http://www.w3.org/2001/XMLSchema-instance" xmlns:doc="http://www.lyncode.com/xoai" xsi:schemaLocation="http://www.loc.gov/MARC21/slim http://www.loc.gov/standards/marcxml/schema/MARC21slim.xsd">
   <leader>00925njm 22002777a 4500</leader>
   <datafield ind2=" " ind1=" " tag="042">
      <subfield code="a">dc</subfield>
   </datafield>
   <datafield ind2=" " ind1=" " tag="720">
      <subfield code="a">Senar Morera, Fernando</subfield>
      <subfield code="e">author</subfield>
   </datafield>
   <datafield ind2=" " ind1=" " tag="720">
      <subfield code="a">Serrat Sellabona, Elisabet</subfield>
      <subfield code="e">author</subfield>
   </datafield>
   <datafield ind2=" " ind1=" " tag="720">
      <subfield code="a">Huguet, Àngel</subfield>
      <subfield code="e">author</subfield>
   </datafield>
   <datafield ind2=" " ind1=" " tag="720">
      <subfield code="a">Janés, Judit</subfield>
      <subfield code="e">author</subfield>
   </datafield>
   <datafield ind2=" " ind1=" " tag="260">
      <subfield code="c">2023-02-04</subfield>
   </datafield>
   <datafield ind2=" " ind1=" " tag="520">
      <subfield code="a">This study aims to know how fluid intelligence and linguistic attitude participate in the language learning of young people who are in a linguistic immersion situation in Catalonia. Considering the linguistic particularities of the Catalan territory, a path model has been designed in which the effect of the fluid intelligence and linguistic attitude on the acquisition of the two official languages of the territory (Spanish and Catalan) in young immigrants of Romanian origin is studied. The results show how fluid intelligence exerted a significant facilitating effect of medium-low magnitude on learning of similar intensity for both languages. However, the attitude shows to exert a significant facilitating effect of low magnitude for the acquisition of the vehicular language (Catalan), but not significant for the language of non-academic use (Spanish). These results suggest that fluid intelligence and linguistic attitude are facilitating agents of language acquisition in situations of linguistic immersion, although in the case of attitude, the intensity of this effect may depend on the way in which learners are in contact with the language</subfield>
   </datafield>
   <datafield ind2=" " ind1=" " tag="520">
      <subfield code="a">Este estudio pretende conocer el modo en que la inteligencia fluida y la actitud lingüística participan en el aprendizaje lingüístico de los jóvenes que se encuentran en situación de inmersión lingüística en Cataluña. Considerando las particularidades lingüísticas del territorio catalán, se ha diseñado un modelo path en el que se estudia el efecto de la inteligencia fluida y actitud lingüística sobre la adquisición de las dos lenguas oficiales del territorio (castellano y catalán) en jóvenes inmigrantes de origen rumano. Los resultados muestran que la inteligencia fluida ejerce un efecto facilitador significativo de magnitud media-baja sobre el aprendizaje de intensidad similar para ambas lenguas. Sin embargo, la actitud muestra ejercer un efecto facilitador significativo de baja magnitud para la adquisición de la lengua vehicular (catalán), pero no significativo para la lengua de uso no académico (castellano). Estos resultados sugieren que la inteligencia fluida y la actitud lingüística resultan agentes facilitadores de la adquisición del lenguaje en situación de inmersión lingüística, aunque en el caso de la actitud la intensidad de este efecto puede depender del modo en que los aprendices están en contacto con la lengua</subfield>
   </datafield>
   <datafield ind2=" " ind1=" " tag="520">
      <subfield code="a">Aquest treball ha rebut finançament del Ministeri d'Economia i Competitivitat d'Espanya (“EDU2017-82479-R” i “IJCI-2016-28250”); y Agencia de Gestión de Ayudas Universitarias y de Investigación - AGAUR de la Generalitat de Catalunya (“2017 SGR 322” i “2020 FI SDUR 00172”)</subfield>
   </datafield>
   <datafield ind1="8" ind2=" " tag="024">
      <subfield code="a">http://hdl.handle.net/10256/26148</subfield>
   </datafield>
   <datafield tag="653" ind2=" " ind1=" ">
      <subfield code="a">Bilingüisme</subfield>
   </datafield>
   <datafield tag="653" ind2=" " ind1=" ">
      <subfield code="a">Bilingualism</subfield>
   </datafield>
   <datafield tag="653" ind2=" " ind1=" ">
      <subfield code="a">Llengua segona -- Adquisició</subfield>
   </datafield>
   <datafield tag="653" ind2=" " ind1=" ">
      <subfield code="a">Second language acquisition</subfield>
   </datafield>
   <datafield tag="653" ind2=" " ind1=" ">
      <subfield code="a">Llenguatge i llengües -- Ensenyament</subfield>
   </datafield>
   <datafield tag="653" ind2=" " ind1=" ">
      <subfield code="a">Language and languages -- Study and teaching</subfield>
   </datafield>
   <datafield ind2="0" ind1="0" tag="245">
      <subfield code="a">Adquisición de segundas lenguas en contextos de inmersión lingüística. Un modelo estructural acerca del rol de la inteligencia y las actitudes lingüísticas = Second language acquisition in a linguistic immersion context. A structural model about the role of intelligence and linguistic attitudes</subfield>
   </datafield>
</record></metadata></record></GetRecord></OAI-PMH>